00644 2200277 4500001002100000008004100021035002000062245005700082100002000139250000600159260003300165300001200198084001400210082000800224650001400232990001200246990001200258990001200270990001200282990001200294990001200306990001200318990001200330990001200342990001200354INLIS000000000001164 ind  a0010-0524000399 aSukses AKM Untuk SMA/MA Level 5 & 6cTim Penulis AKM aTim Penulis AKM a1 aSolo :bTiga Serangkaic2020 a218 hlm a373 TIM s a373 aNon Fiksi a0744917 a0744918 a0744919 a0744920 a0744921 a0744922 a0744923 a0744924 a0744925 a0744926